Survey on weaning piglet diarrhea at tob chantha at posenchey district phnopenh, ការអង្កេតលើជំងឺរាកកូនជ្រូកកំឡុងពេលបៅដោះនៅកសិដ្ឋានតុប​ ចន្ថាខណ្ឌពោធិ៍សែនជ័យរាជធានីភ្នំពេញ (Record no. 2656)

000 -LEADER
fixed length control field 00696nam a22001337a 4500
040 ## - CATALOGING SOURCE
Transcribing agency RUA
082 ## - DEWEY DECIMAL CLASSIFICATION NUMBER
Classification number AVM SOK 2013 B108 Or.1
100 ## - MAIN ENTRY--AUTHOR NAME
Personal name SOK, SOCHAN.
245 ## - TITLE STATEMENT
Title Survey on weaning piglet diarrhea at tob chantha at posenchey district phnopenh, ការអង្កេតលើជំងឺរាកកូនជ្រូកកំឡុងពេលបៅដោះនៅកសិដ្ឋានតុប​ ចន្ថាខណ្ឌពោធិ៍សែនជ័យរាជធានីភ្នំពេញ
260 ## - PUBLICATION, DISTRIBUTION, ETC. (IMPRINT)
Place of publication Phnom Penh
Name of publisher RUA
Year of publication 2013
300 ## - PHYSICAL DESCRIPTION
Number of Pages ix; 40p.
Other physical details ill.
Dimensions 29cm.
856 ## - ELECTRONIC LOCATION AND ACCESS
Uniform Resource Identifier https://drive.google.com/file/d/1xnMgwOzLe6_jAi3PkQy2yk52AEW7NJbW/view?usp=sharing
942 ## - ADDED ENTRY ELEMENTS (KOHA)
Koha item type AVM
952 ## - LOCATION AND ITEM INFORMATION (KOHA)
Withdrawn status [LOCAL, KOHA] 0
952 ## - LOCATION AND ITEM INFORMATION (KOHA)
Withdrawn status [LOCAL, KOHA] 0
952 ## - LOCATION AND ITEM INFORMATION (KOHA)
Withdrawn status [LOCAL, KOHA] 0
952 ## - LOCATION AND ITEM INFORMATION (KOHA)
Withdrawn status [LOCAL, KOHA] 0
952 ## - LOCATION AND ITEM INFORMATION (KOHA)
Withdrawn status [LOCAL, KOHA] 0
952 ## - LOCATION AND ITEM INFORMATION (KOHA)
Withdrawn status [LOCAL, KOHA] 0
952 ## - LOCATION AND ITEM INFORMATION (KOHA)
Withdrawn status [LOCAL, KOHA] 0
952 ## - LOCATION AND ITEM INFORMATION (KOHA)
Withdrawn status [LOCAL, KOHA] 0
952 ## - LOCATION AND ITEM INFORMATION (KOHA)
Withdrawn status [LOCAL, KOHA] 0
952 ## - LOCATION AND ITEM INFORMATION (KOHA)
Withdrawn status [LOCAL, KOHA] 0
Holdings
Permanent Location Date acquired Koha item type Lost status Shelving location Barcode Current Location Full call number
Library Block B2015-10-25AVM B108RUA017565Library Block BAVM SOK 2013 B108 Or.1
Library Block B2015-10-25AVM B108RUA016402Library Block BAVM SOK 2013 B108 Or.2
Library Block B2015-10-25AVM B108RUA016376Library Block BAVM SOK 2013 B108 Or.3
Library Block B2015-10-25AVM B108RUA016375Library Block BAVM SOK 2013 B108 Or.4
Library Block B2015-10-25AVM B108RUA016448Library Block BAVM SOK 2013 B108 Or.5
Library Block B2015-10-25AVM B108RUA015740Library Block BAVM SOK 2013 B108 Or.6
Library Block B2015-10-25AVM B108RUA016389Library Block BAVM SOK 2013 B108 Or.7
Library Block B2015-10-25AVM B108RUA016317Library Block BAVM SOK 2013 B108 Or.8
Library Block B2019-07-12AVM B1.230A35608Library Block BAVM SOK 2013 B1.230 Or.1
Library Block B2019-07-12AVM B1.230A37476Library Block BAVM SOK 2013 B1.230 Or.1
មជ្ឈមណ្ឌលឯការនៃសាកលវិទ្យាល័យភូមិន្ទកសិកម្មចំការដូង

Powered by Koha